[Event "Toronto-ch (Women)"]
[Site "Toronto"]
[Date "2012.11.19"]
[Round "5"]
[White "Giblon, Rebecca"]
[Black "Abbarin, Shabnam"]
[Result "1-0"]
[WhiteElo "1662"]
[BlackElo "1390"]
[PlyCount "57"]
[EventDate "2012.10.15"]
[EventType "tourn"]
[EventRounds "5"]
[EventCountry "CAN"]
[SourceTitle "EXT 2022"]
[Source "ChessBase"]
[SourceDate "2021.10.06"]
[SourceVersion "1"]
[SourceVersionDate "2021.10.06"]
[SourceQuality "1"]

1. e4 c5 2. Nf3 d6 3. d4 cxd4 4. Nxd4 Nf6 5. Nc3 a6 6. Bg5 e6 7. f4 Be7 8. Qf3 Nc6 9. 0-0-0 Qc7 10. g4 e5 11. Nf5 Bxf5 12. exf5 Nd4 13. Qg2 Rc8 14. fxe5 dxe5 15. Bd3 b5 16. Rhe1 0-0 17. Bxf6 Bxf6 18. g5 Bxg5+ 19. Qxg5 Nf3 20. Qh5 Nxe1 21. Rxe1 f6 22. Rg1 Rfd8 23. Rg3 b4 24. Ne4 Kh8 25. c3 Qa5 26. Nxf6 gxf6 27. Qf7 Rxc3+ 28. bxc3 Qa3+ 29. Kb1 1-0